Biggest US Cities in 1840 - Statistics

General Stats
  • This quiz has been taken 92 times
  • The average score is 27 of 50
Answer Stats
State City Population % Correct
MA Boston 93,383
100%
NY New York 312,710
100%
PA Philadelphia 93,665
98%
LA New Orleans 102,193
95%
MD (DC) Washington 23,364
93%
MD Baltimore 102,313
88%
NY Albany 33,721
86%
NY Buffalo 18,213
86%
RI Providence 23,171
83%
SC Charleston 29,261
81%
MI Detroit 9,102
81%
CT Hartford 9,468
81%
KY Louisville 21,210
81%
PA Pittsburgh 21,115
81%
MO St. Louis 16,469
81%
OH Cincinnati 46,338
79%
VA Richmond 20,153
79%
NY Rochester 20,191
76%
NJ Newark 17,290
71%
AL Mobile 12,672
64%
CT New Haven 12,960
64%
NY Brooklyn 36,233
62%
ME Portland 15,218
62%
GA Savannah 11,214
62%
VA Norfolk 10,920
55%
VA (DC) Alexandria 8,459
52%
DE Wilmington 8,367
50%
MA Salem 15,082
45%
MA Springfield 10,985
45%
MA Cambridge 8,409
40%
RI Newport 8,333
40%
ME Bangor 8,627
38%
PA Northern Liberties 34,474
38%
NY Utica 12,782
38%
MA Lowell 20,796
36%
PA Lancaster 8,417
31%
PA Reading 8,410
31%
NY Troy 19,334
29%
MA New Bedford 12,087
26%
PA Southwark 27,548
21%
PA Kensington 22,314
19%
PA Spring Garden 27,849
19%
PA Allegheny 10,089
17%
MA Charlestown 11,484
17%
MA Nantucket 9,012
17%
VA Petersburg 11,136
17%
MA Lynn 9,367
14%
MA Roxbury 9,089
14%
PA Moyamensing 14,573
12%
RI Smithfield 9,534
7%
No matching quizzes found
Score Distribution
Percent of People with Each Score
Percentile by Number Answered
Your Score History
You have not taken this quiz